Freguesias de Paços de Ferreira - Statistics

Estatísticas Gerais
  • Esse quiz foi jogado 8 vezes
  • A pontuação média é 9 de 16
Estatísticas das Respostas
Número Freguesia % Correto
12 Paços de Ferreira
100%
7 Freamunde
86%
2 Carvalhosa
57%
4 Eiriz
57%
5 Ferreira
57%
8 Frazão
57%
10 Meixomil
57%
13 Penamaior
57%
15 Sanfins de Ferreira
57%
16 Seroa
57%
6 Figueiró
43%
9 Lamoso
43%
14 Raimonda
43%
1 Arreigada
29%
3 Codessos
29%
11 Modelos
29%
Nenhum quiz correspondente encontrado
Distribuição das Pontuações
Porcentagem de Pessoas com Cada Pontuação
Percentil de Números Respondidos
Sua Pontuação Histórica
Você não jogou esse quiz